00444nam a2200157 4500001000700000003000900007005001700016007000300033008004100036100003600077245006600113250001800179260004100197300002700238852002100265125953ES-MaACL20250801063036.0t|070214s1918 fr r ||||1| fre d1 aRégnier, Henri de,d1864-193614aLes médailles d'argile b: poèmes / cHenri de Régnier. a17ème éd. aParis : bMercure de France, c1918. a252 p. ; c19 x 12 cm. aES-MaACLjG-8530